Resource management (Record no. 115864)
[ view plain ]
| 000 -LEADER | |
|---|---|
| fixed length control field | 01096cam a22002535a 4500 |
| 001 - CONTROL NUMBER | |
| control field | L159397 |
| 008 - FIXED-LENGTH DATA ELEMENTS--GENERAL INFORMATION | |
| fixed length control field | 170130s2016 xxk f 000 0 eng d |
| 020 ## - INTERNATIONAL STANDARD BOOK NUMBER | |
| ISBN | 9781783211449 |
| 035 ## - SYSTEM CONTROL NUMBER | |
| System control number | (Sirsi) u159397 |
| 041 0# - LANGUAGE CODE | |
| Language code of text/sound track or separate title | eng |
| 110 2# - MAIN ENTRY--CORPORATE NAME | |
| Corporate author | Royal Institution of Chartered Surveyors |
| 245 00 - TITLE STATEMENT | |
| Title | Resource management |
| Subtitle | Improving efficiency and reducing waste |
| Medium | [electronic resource] |
| 250 ## - EDITION | |
| Edition statement | 1st |
| 260 ## - PUBLICATION INFORMATION | |
| Place of publication | London |
| Publisher | RICS |
| Date | 2016 |
| 490 #0 - SERIES TITLE | |
| Series statement | RICS Guidance Note |
| 490 #0 - SERIES TITLE | |
| Series statement | RICS Professional Standard |
| 520 ## - ABSTRACT | |
| Abstract | Provides guidance for property professionals on how to make more efficient and effective use of buildings and their support services, managing resources more effectively and reducing waste. |
| 520 ## - ABSTRACT | |
| Abstract | Effective from 15th June 2016. |
| 650 24 - KEYWORDS | |
| Keywords | RESOURCE MANAGEMENT |
| 651 #4 - SUBJECT ADDED ENTRY--GEOGRAPHIC NAME | |
| Geographic name | United Kingdom |
| 690 ## - BROAD SUBJECT | |
| Broad subject | Facilities management |
| 9 (RLIN) | 6240 |
| 856 40 - ONLINE RESOURCE | |
| Uniform Resource Identifier | <a href="https://www.rics.org/profession-standards/rics-standards-and-guidance/sector-standards/land-standards/resource-management-improving-efficiency-and-reducing-waste">https://www.rics.org/profession-standards/rics-standards-and-guidance/sector-standards/land-standards/resource-management-improving-efficiency-and-reducing-waste</a> |
| Public note | Available free on RICS.org |
| 942 ## - ADDED ENTRY ELEMENTS (KOHA) | |
| Suppress in OPAC | Do not suppress in OPAC |
| Lost status | Source of classification or shelving scheme | Damaged status | Not for loan | Home library | Current library | Shelving location | Date acquired | Total Checkouts | Full call number | Barcode | Date last seen | Copy number | Price effective from | Koha item type |
|---|---|---|---|---|---|---|---|---|---|---|---|---|---|---|
| Dewey Decimal Classification | Virtual | Virtual | Online | 30/01/2017 | ONLINE PUBLICATION | 159397-2001 | 13/04/2023 | 1 | 06/08/2019 | Online material |